| 000 | 01219nam a22003857a 4500 | ||
|---|---|---|---|
| 001 | 0008495 | ||
| 003 | KOHA_MİRAKIL | ||
| 005 | 20260207001637.0 | ||
| 007 | ta | ||
| 008 | 091009b1988 tu |||gr||||#||||0|tur | | ||
| 020 |
_a9751600839 _qtk. |
||
| 020 |
_a9751600847 _qc.1 _cTL15 |
||
| 040 |
_aTR-BiSEU _btur _cTR-BiSEU _erda |
||
| 041 | 0 | _atur | |
| 044 | _ctu | ||
| 050 |
_aHD846.5 _b.H87 1988 |
||
| 245 | 0 |
_aHüdavendigâr livası tahrir defterleri I/ _chazırlayan Ömer Lûtfi Barkan, Enver Meriçli. |
|
| 264 | 1 |
_aAnkara : _bTürk Tarih Kurumu _c1988 |
|
| 300 | _aIX, 705 sayfa; 33 cm. | ||
| 336 |
_ametin _btxt _2rdacontent |
||
| 337 |
_aaracısız _bn _2rdamedia |
||
| 338 |
_acilt _bnc _2rdacarrier |
||
| 490 | 1 | _aAtatürk Kültür, Dil, ve Tarih Yüksek Kurumu, Türk Tarih Kurumu yayınları. | |
| 490 | 1 | _aXIV. | |
| 490 | 1 |
_adizi ; _vsa. |
|
| 490 | 1 | _a3 | |
| 500 | _aKaynakça var. | ||
| 650 | 0 |
_aLand tenure--Turkey--History. _99931 |
|
| 650 | 0 |
_aToprak rejimi-- Türkiye--Tarih. _921191 |
|
| 830 | 1 |
_aAtatürk Kültür, Dil, ve Tarih Yüksek Kurumu, Türk Tarih Kurumu yayınları. _921192 |
|
| 830 | 1 |
_aXIV. _920293 |
|
| 830 | 1 |
_adizi ; _vsa. _910357 |
|
| 830 | 1 |
_a3 _95553 |
|
| 942 |
_2lcc _cBK |
||
| 999 |
_c8467 _d8467 |
||